书目信息 |
| 题名: |
阿尔山
|
|
| 作者: | 田明中 编著 | |
| 分册: | ||
| 出版信息: | 北京 中国旅游出版社 2009 |
|
| 页数: | 134页 | |
| 开本: | 29×29cm | |
| 丛书名: | ||
| 单 册: | ||
| 中图分类: | S759.93 | |
| 科图分类: | ||
| 主题词: | 地质 , 地质--国家公园--阿尔山市--摄影集 , 国家公园 | |
| 电子资源: | ||
| ISBN: | 978-7-5032-3660-0 | |
| 000 | 01133nam0 2200325 450 | |
| 001 | 004220349 | |
| 005 | 20090726122748.0 | |
| 010 | @a978-7-5032-3660-0@dCNY280.00 | |
| 090 | @aS759.9@btmz | |
| 096 | @aS759.9@btmz | |
| 100 | @a20090722d2009 em y0chiy50 ea | |
| 101 | 0 | @achi@aeng |
| 102 | @aCN@b110000 | |
| 105 | @aa z 000yy | |
| 106 | @ar | |
| 200 | 1 | @a阿尔山@b专著@e火山王国 温泉圣地@dKingdom of volcanoes shrine of thermal springs Arxan@e[中英文本]@f田明中等编著@zeng@9a er shan |
| 210 | @a北京@c中国旅游出版社@d2009 | |
| 215 | @a134页@c地图@d29×29cm | |
| 304 | @a编著还有:武法东、张建平、孙洪艳 | |
| 330 | @a本书配以生动而通俗的中、英文说明,全面系统地总结了阿尔山国家地质公园的地址遗迹特征和丰富的历史文化。 | |
| 510 | 1 | @aKingdom of volcanoes shrine of thermal springs Arxan@zeng |
| 517 | 1 | @a火山王国 温泉圣地@9huo shan wang guo wen quan sheng di |
| 606 | 0 | @a地质 |
| 606 | 0 | @a地质@x国家公园@y阿尔山市@j摄影集 |
| 606 | 0 | @a国家公园 |
| 690 | @aS759.93@v4 | |
| 701 | 0 | @a田明中@f(1951~)@4编著@9tian ming zhong |
| 905 | @aBZT@dS759.93@e2 | |
| 906 | @dCNY280.00@n0@r1 | |
| SYS | @004220349 | |
| 阿尔山:火山王国 温泉圣地=Kingdom of volcanoes shrine of thermal springs Arxan:[中英文本]/田明中等编著.-北京:中国旅游出版社,2009 |
| 134页:地图;29×29cm |
| ISBN 978-7-5032-3660-0:CNY280.00 |
| 本书配以生动而通俗的中、英文说明,全面系统地总结了阿尔山国家地质公园的地址遗迹特征和丰富的历史文化。 |
| ● |
| 相关链接 |
|
|
|
正题名:阿尔山
索取号:S759.93/2
 
预约/预借
| 序号 | 登录号 | 条形码 | 馆藏地/架位号 | 状态 | 备注 |
| 1 | 750677 | 2000750677 | 样本书库/样002架B面3层2列/ [索取号:S759.93/2] | 在馆 | |
| 2 | 750678 | 2000750678 | 中心书库中库/ 中库031架B面3列6层2/ [索取号:S759.93/2] | 在馆 | |
| 3 | 750679 | 2000750679 | 中心书库中库/ 中库032架A面4列6层6/ [索取号:S759.93/2] | 在馆 | |
| 4 | 750680 | 2000750680 | 中心书库中库/ 中库031架B面9列2层1/ [索取号:S759.93/2] | 在馆 | |
| 5 | 750681 | 2000750681 | 中心书库中库/ 中库031架B面3列6层1/ [索取号:S759.93/2] | 在馆 |